[Event "ITA-ch Seniors 50 44th"]
[Site "Macerata"]
[Date "2022.10.02"]
[Round "9"]
[White "Burgassi, Daniele"]
[Black "Fedeli, Carlo"]
[Result "1-0"]
[WhiteElo "1688"]
[BlackElo "1584"]
[PlyCount "39"]
[EventDate "2022.09.25"]
[EventType "swiss"]
[EventRounds "9"]
[EventCountry "ITA"]
[SourceTitle "EXT 2024"]
[Source "ChessBase"]
[SourceDate "2023.10.10"]
[SourceVersion "1"]
[SourceVersionDate "2023.10.10"]
[SourceQuality "1"]

1. e4 d6 2. d4 g6 3. Nc3 Bg7 4. f4 Nf6 5. Nf3 c6 6. Bd3 Qc7 7. 0-0 0-0 8. Qe1 Nbd7 9. e5 dxe5 10. fxe5 Nd5 11. Ne4 c5 12. Qh4 cxd4 13. Bh6 Nxe5 14. Nfg5 f6 15. Bxg7 fxg5 16. Nxg5 Rxf1+ 17. Rxf1 h5 18. Bxe5 Qxe5 19. Bxg6 Qg7 20. Bf7+ 1-0

[Event "ITA-ch Seniors 50 44th"]
[Site "Macerata"]
[Date "2022.10.01"]
[Round "8"]
[White "Fedeli, Carlo"]
[Black "Giacometto, Mario"]
[Result "0-1"]
[WhiteElo "1584"]
[BlackElo "1861"]
[PlyCount "102"]
[EventDate "2022.09.25"]
[EventType "swiss"]
[EventRounds "9"]
[EventCountry "ITA"]
[SourceTitle "EXT 2024"]
[Source "ChessBase"]
[SourceDate "2023.10.10"]
[SourceVersion "1"]
[SourceVersionDate "2023.10.10"]
[SourceQuality "1"]

1. b3 a5 2. Bb2 Nf6 3. Nf3 e6 4. e3 a4 5. a3 axb3 6. cxb3 c5 7. Bb5 Be7 8. 0-0 0-0 9. Nc3 d5 10. d4 Na6 11. Qc2 Bd7 12. Bxd7 Nxd7 13. Rfc1 Qb8 14. dxc5 Naxc5 15. b4 Na6 16. Nb5 Rc8 17. Qd1 Rxc1 18. Rxc1 Qd8 19. Ne5 Rc8 20. Nxd7 Qxd7 21. Rxc8+ Qxc8 22. Qc1 Qxc1+ 23. Bxc1 f6 24. Nd4 Kf7 25. Bb2 Bd6 26. Nb5 Bb8 27. h3 Ke7 28. Kf1 Kd7 29. Bc3 e5 30. Ke2 Ke6 31. g4 g6 32. f3 f5 33. Bb2 fxg4 34. fxg4 h5 35. gxh5 gxh5 36. Kf2 Kf5 37. Nc3 Nc7 38. a4 Ba7 39. Ne2 h4 40. Ng1 Na6 41. b5 Nc5 42. Ke2 Nxa4 43. Ba1 Ke4 44. Nf3 Bxe3 45. Bxe5 d4 46. Bxd4 Bxd4 47. Nxh4 Nc3+ 48. Kd2 Nxb5 49. Ng6 Na3 50. h4 b5 51. h5 b4 0-1

[Event "ITA-ch Seniors 50 44th"]
[Site "Macerata"]
[Date "2022.09.27"]
[Round "3"]
[White "Fedeli, Carlo"]
[Black "Pagano, Sergio1111"]
[Result "1/2-1/2"]
[WhiteElo "1584"]
[BlackElo "1940"]
[PlyCount "174"]
[EventDate "2022.09.25"]
[EventType "swiss"]
[EventRounds "9"]
[EventCountry "ITA"]
[SourceTitle "EXT 2024"]
[Source "ChessBase"]
[SourceDate "2023.10.10"]
[SourceVersion "1"]
[SourceVersionDate "2023.10.10"]
[SourceQuality "1"]

1. b3 d5 2. Bb2 e6 3. e3 c5 4. Nf3 Nf6 5. Be2 Nc6 6. Bb5 Be7 7. 0-0 0-0 8. Bxc6 bxc6 9. d3 Ne8 10. Ne5 Qb6 11. Nc3 f6 12. Na4 Qc7 13. Nf3 Rb8 14. c4 a5 15. Qc2 Ba6 16. Ba3 dxc4 17. dxc4 Qa7 18. Qe4 Nc7 19. Qxc6 Rbd8 20. Bxc5 Bxc5 21. Qxc5 Qxc5 22. Nxc5 Bc8 23. Rfd1 Kf7 24. Kf1 Ke7 25. Ke2 e5 26. e4 Rd6 27. Rxd6 Kxd6 28. Na4 Be6 29. Rd1+ Kc6 30. Nc3 Rb8 31. Nd5 Ne8 32. Nd2 Nd6 33. f3 Rb7 34. Kd3 Nc8 35. Kc3 Na7 36. Nf1 Kc5 37. Nfe3 Nc6 38. Nc2 Nb4 39. Ncxb4 axb4+ 40. Kb2 Ra7 41. Ne3 Rd7 42. Rxd7 Bxd7 43. Nc2 f5 44. exf5 Bxf5 45. Ne3 Bd3 46. a3 bxa3+ 47. Kxa3 Kd4 48. Nd5 Bf1 49. g3 Bg2 50. Kb2 Bxf3 51. Kc2 Bh5 52. Kd2 g5 53. Ne3 Ke4 54. b4 Kd4 55. b5 Be8 56. Nf5+ Kc5 57. Kc3 Bd7 58. Ne3 h5 59. Nd5 Be6 60. Ne3 Bc8 61. Nc2 h4 62. gxh4 gxh4 63. Ne1 e4 64. Nc2 h3 65. Nd4 Bd7 66. Nb3+ Kb6 67. Kd4 Bf5 68. Nd2 e3 69. Kxe3 Kc5 70. Ne4+ Kb6 71. Kd4 Be6 72. Nc3 Bg4 73. Nd5+ Kb7 74. Kc5 Be2 75. Nf4 Bf1 76. Ne6 Bg2 77. Nd4 Kc7 78. Kb4 Kb6 79. c5+ Kb7 80. Ka5 Ka7 81. c6 Be4 82. b6+ Ka8 83. Nb5 Bxc6 84. Nd6 Kb8 85. Ka6 Bd7 86. b7 Bc6 87. Kb6 Bd5 1/2-1/2

[Event "ITA-ch Seniors 50 44th"]
[Site "Macerata"]
[Date "2022.09.25"]
[Round "1"]
[White "Fedeli, Carlo"]
[Black "Ottavi, Marco"]
[Result "0-1"]
[WhiteElo "1584"]
[BlackElo "1985"]
[PlyCount "68"]
[EventDate "2022.09.25"]
[EventType "swiss"]
[EventRounds "9"]
[EventCountry "ITA"]
[SourceTitle "EXT 2024"]
[Source "ChessBase"]
[SourceDate "2023.10.10"]
[SourceVersion "1"]
[SourceVersionDate "2023.10.10"]
[SourceQuality "1"]

1. b3 d5 2. Bb2 Bg4 3. d3 e6 4. Nd2 Nf6 5. Ngf3 Bd6 6. e3 Qe7 7. Be2 Nbd7 8. a3 e5 9. c4 c6 10. b4 0-0 11. h3 Bxf3 12. Nxf3 Rfd8 13. 0-0 e4 14. c5 Bc7 15. dxe4 dxe4 16. Nd4 Qe5 17. g3 Qg5 18. Qe1 Nd5 19. Bg4 Ne5 20. Qe2 g6 21. f4 exf3 22. Nxf3 Nxf3+ 23. Qxf3 Qxe3+ 24. Kg2 Qxf3+ 25. Rxf3 f5 26. Raf1 fxg4 27. Rf7 Ne3+ 28. Kg1 Nxf1 29. Rxc7 Nxg3 30. Rg7+ Kf8 31. hxg4 Rd1+ 32. Kg2 Rd2+ 33. Kxg3 Rxb2 34. Rxh7 Re8 0-1

[Event "Porto Sant Elpidio op-A 1st"]
[Site "Porto Sant Elpidio"]
[Date "1998.10.??"]
[Round "?"]
[White "Baleani, Emanuele"]
[Black "Fedeli, Carlo"]
[Result "0-1"]
[WhiteElo "1524"]
[BlackElo "1600"]
[PlyCount "84"]
[EventDate "1998.10.??"]
[EventType "swiss"]
[EventRounds "6"]
[EventCountry "ITA"]
[SourceTitle "EXT 2024"]
[Source "ChessBase"]
[SourceDate "2023.10.10"]
[SourceVersion "1"]
[SourceVersionDate "2023.10.10"]
[SourceQuality "1"]

1. e4 d6 2. d4 Nf6 3. Nc3 g6 4. Bc4 Bg7 5. f3 c6 6. Be3 b5 7. Bb3 0-0 8. Qd2 a5 9. a3 Nbd7 10. 0-0-0 Qc7 11. Nge2 b4 12. axb4 axb4 13. Na2 c5 14. dxc5 dxc5 15. Bd5 Nxd5 16. Qxd5 Qa5 17. Kb1 Nb6 18. Qb3 Be6 19. Rd5 Bxd5 20. exd5 c4 21. Bxb6 cxb3 22. Bxa5 bxa2+ 23. Kxa2 Rxa5+ 24. Kb3 Rxd5 25. Re1 e6 26. Nf4 Rd2 27. Rg1 Rfd8 28. Nd3 Bf8 29. Ne5 Rd1 30. Rxd1 Rxd1 31. Nd3 Rd2 32. Ne1 Re2 33. Nd3 Rxg2 34. h4 Rh2 35. Nxb4 Bxb4 36. Kxb4 Rxc2 37. b3 Rh2 38. Kb5 Rxh4 39. b4 Rf4 40. Ka5 Rxf3 41. b5 h5 42. b6 Rb3 0-1

[Event "Porto Sant Elpidio op-A 1st"]
[Site "Porto Sant Elpidio"]
[Date "1998.10.??"]
[Round "?"]
[White "Fedeli, Carlo"]
[Black "Amaranto, Luca"]
[Result "0-1"]
[WhiteElo "1600"]
[BlackElo "1720"]
[PlyCount "106"]
[EventDate "1998.10.??"]
[EventType "swiss"]
[EventRounds "6"]
[EventCountry "ITA"]
[SourceTitle "EXT 2024"]
[Source "ChessBase"]
[SourceDate "2023.10.10"]
[SourceVersion "1"]
[SourceVersionDate "2023.10.10"]
[SourceQuality "1"]

1. e4 e5 2. Nf3 Nc6 3. Nc3 Nf6 4. Bb5 d6 5. d4 exd4 6. Nxd4 Bd7 7. Nxc6 bxc6 8. Bc4 Be7 9. 0-0 0-0 10. Bg5 Rb8 11. Qc1 Be6 12. Bb3 Nd7 13. Be3 c5 14. Nd5 c6 15. Nxe7+ Qxe7 16. c4 f5 17. exf5 Bxf5 18. Bc2 Ne5 19. Bxf5 Rxf5 20. Qc2 Qf7 21. b3 Re8 22. Qd2 Qg6 23. f4 Ng4 24. Rae1 Qh6 25. h3 Nxe3 26. Rxe3 Ref8 27. Ref3 R5f7 28. g4 Qf6 29. Rd3 Rd8 30. Rd1 Rfd7 31. Kg2 d5 32. cxd5 cxd5 33. Qf2 d4 34. Re1 Rf7 35. Kg3 Qd6 36. Re5 Qxe5 37. fxe5 Rxf2 38. Kxf2 Kf7 39. Kf3 Ke6 40. Ke4 Rd5 41. b4 Rxe5+ 42. Kf4 g5+ 43. Kf3 Kd5 44. bxc5 Kxc5 45. Ra3 Re7 46. Ra5+ Kc4 47. Rxg5 d3 48. Rg8 Kc3 49. Rc8+ Kd2 50. Rd8 Kc2 51. Rc8+ Kd1 52. Rb8 Kc1 53. Rd8 d2 0-1

[Event "Porto Sant Elpidio op-A 1st"]
[Site "Porto Sant Elpidio"]
[Date "1998.10.??"]
[Round "?"]
[White "Morici, Marco"]
[Black "Fedeli, Carlo"]
[Result "0-1"]
[WhiteElo "1561"]
[BlackElo "1600"]
[PlyCount "75"]
[EventDate "1998.10.??"]
[EventType "swiss"]
[EventRounds "6"]
[EventCountry "ITA"]
[SourceTitle "EXT 2024"]
[Source "ChessBase"]
[SourceDate "2023.10.10"]
[SourceVersion "1"]
[SourceVersionDate "2023.10.10"]
[SourceQuality "1"]

1. e4 c6 2. d4 d5 3. e5 Bf5 4. Nf3 e6 5. Be2 Nd7 6. Nbd2 c5 7. dxc5 Bxc5 8. Nb3 Bb6 9. Bf4 Rc8 10. Nbd4 Bg4 11. c3 a6 12. h3 Bxf3 13. Bxf3 Ne7 14. 0-0 Ng6 15. Bh2 Ngxe5 16. Re1 Nxf3+ 17. Nxf3 0-0 18. Bf4 h6 19. Nh2 Bc7 20. Be3 Nf6 21. Ng4 Nxg4 22. Qxg4 Qf6 23. Rad1 Bb8 24. Qb4 b5 25. Qg4 Rc4 26. Rd4 Rfc8 27. Qd1 Be5 28. Rxc4 Rxc4 29. f3 d4 30. cxd4 Bxd4 31. b3 Bxe3+ 32. Rxe3 Qd4 33. Qxd4 Rxd4 34. Re2 Kf8 35. Rc2 a5 36. Kf2 a4 37. Ke2 e5 38. Rc5 0-1